| 000 | 00993nam a2200265 i 4500 | ||
|---|---|---|---|
| 001 | 67094 | ||
| 003 | ES-MaACL | ||
| 005 | 20250806062527.0 | ||
| 007 | t| | ||
| 008 | 040505s2000 sp ||||1| spa d | ||
| 040 | _aBR-M | ||
| 080 | _a726.7(460.27 M.) Convento de San Felipe el Real | ||
| 100 | 1 |
_aLópez Jiménez, Luis. _973714 |
|
| 245 | 1 | 0 |
_aSan Felipe el Real / _cpor Luis López Jiménez. |
| 260 |
_aMadrid : _bAyuntamiento, Primera Tenencia de Alcaldía : _bInstituto de Estudios Madrileños, _c2000. |
||
| 300 |
_a28 p. ; _c21 cm. |
||
| 490 | 1 |
_aCiclo de conferencias: La Plaza de la Puerta del Sol ; _v14 |
|
| 500 | _aPrecede al tit.: Centro Mesonero Romanos. | ||
| 610 | 2 | 4 |
_aConvento de San Felipe el Real ( _cMadrid) _93279 |
| 650 | 1 | 4 |
_aIglesias- _zMadrid. _913574 |
| 710 | 2 |
_aInstituto de Estudios Madrileños _94916 |
|
| 830 | 0 |
_aCiclo de conferencias: La Plaza de la Puerta del Sol ; _v14 _9183085 |
|
| 852 |
_aES-MaACL _j2173-F-10 _bR.133030 |
||
| 999 |
_c67094 _d67094 |
||